| 000 | 01302nam a2200301 4500 | ||
|---|---|---|---|
| 003 | EC-UNACH | ||
| 005 | 20251117121447.0 | ||
| 006 | s||||gr|||| 00| 00 | ||
| 008 | 150116t9999 mx r gr 000 0 spa d | ||
| 020 | _a978-9942-07-462-1 | ||
| 040 |
_aEC-UNACH _cEC-UNACH |
||
| 041 | _aspa | ||
| 082 | 0 | 4 |
_223 _a342.3 _bL018330 |
| 110 | _aCentro de estudios y difusión | ||
| 245 | _aManual de justicia constitucional ecuatoriana | ||
| 250 | _aPrimera edición | ||
| 264 |
_aEcuador _bManual de justicia constitucional ecuatoriana _c2013 |
||
| 300 | _a360 | ||
| 505 | _aCapitulo 1- Introducción al derecho procesal constitucional ecuatoriano - - Capitulo 2- Los derechos y garantías constitucionales en Ecuador - - Capitulo 3 - Control constitucional y aplicación directa de la Constitución -- La aplicación directa de la Constitución frente al prevaricato en Ecuador / Javier Fernando Villacrés López | ||
| 650 | _aLOS RASGOS BÁSICOS DEL POSITIVISMO JURÍDICO | ||
| 650 | _aLA GARANTIA DEL CONTENIDO ESENCIAL DE LOS DERECHOS | ||
| 650 | _aACCIÓN EXTRAORDINARIA DE PROTECCIÓN | ||
| 700 | _aJorge Benavides Ordoñez / Jhoel Escudero Soliz | ||
| 942 |
_2ddc _c1 |
||
| 999 | _c14191 | ||